| 000 | 00437 a2200157 4500 | ||
|---|---|---|---|
| 999 |
_c3648 _d3648 |
||
| 020 | _a9780073526485 | ||
| 050 | _aNK1510 STE 2008 | ||
| 100 | _aStewart, Mary | ||
| 245 |
_aLaunching the imagination _ba comprehensive guide to basic design / _cMary Stewart |
||
| 250 | _a3rd ed. | ||
| 264 |
_aBoston _bMcGraw-Hill _c2008 |
||
| 300 | _axxiii,400p. | ||
| 500 | _ainclude index | ||
| 650 | _aDesign | ||
| 942 |
_2lcc _cBK _e3rd ed. _h1510 _iSTE _kNK |
||